Liquid debts: credit, groundwater and the social ecology of agrarian distress in Andhra Pradesh, India (Record no. 99794)

000 -LEADER
fixed length control field 00405pab a2200145 454500
008 - FIXED-LENGTH DATA ELEMENTS--GENERAL INFORMATION
fixed length control field 180718b2013 xxu||||| |||| 00| 0 eng d
100 ## - MAIN ENTRY--PERSONAL NAME
Personal name Taylor, Marcus
245 ## - TITLE STATEMENT
Title Liquid debts: credit, groundwater and the social ecology of agrarian distress in Andhra Pradesh, India
260 ## - PUBLICATION, DISTRIBUTION, ETC.
Date of publication, distribution, etc. 2013
300 ## - PHYSICAL DESCRIPTION
Extent p.691-709.
650 ## - SUBJECT ADDED ENTRY--TOPICAL TERM
Topical term or geographic name entry element Debts
773 ## - HOST ITEM ENTRY
Main entry heading Third World Quarterly
908 ## - PUT COMMAND PARAMETER (RLIN)
Put command parameter N
909 ## -
-- 99795
Holdings
Withdrawn status Lost status Damaged status Not for loan Permanent Location Current Location Date acquired Serial Enumeration / chronology Barcode Date last seen Price effective from Koha item type
        Indian Institute of Public Administration Indian Institute of Public Administration 2018-07-19 Volume no: 34, Issue no: 4 AR100255 2018-07-19 2018-07-19 Articles

Powered by Koha